[Event "Prague Mencik Memorial 6th"]
[Site "Prague"]
[Date "2023.09.24"]
[Round "3"]
[White "Veverka, Vladimir"]
[Black "Muron, Miroslav"]
[Result "0-1"]
[WhiteElo "1531"]
[BlackElo "2125"]
[PlyCount "71"]
[EventDate "2023.09.24"]
[EventType "swiss"]
[EventRounds "9"]
[EventCountry "CZE"]
[SourceTitle "EXT 2024"]
[Source "ChessBase"]
[SourceDate "2023.10.10"]
[SourceVersion "1"]
[SourceVersionDate "2023.10.10"]
[SourceQuality "1"]

1. d4 Nf6 2. c4 g6 3. Nc3 Bg7 4. e4 d6 5. Nf3 0-0 6. Be2 Nbd7 7. 0-0 e5 8. dxe5 dxe5 9. Qc2 c6 10. b4 Nh5 11. Rd1 Qe7 12. a4 Rd8 13. b5 Nf8 14. Ba3 Qf6 15. Rxd8 Qxd8 16. Rd1 Qf6 17. Bxf8 Bxf8 18. Nd2 Nf4 19. Nb3 h5 20. Bf1 h4 21. Ne2 g5 22. Nxf4 gxf4 23. f3 Be6 24. Qc3 Rc8 25. bxc6 Rxc6 26. Na5 Rc7 27. Rc1 Bc5+ 28. Kh1 Be3 29. Rd1 Qg5 30. Nb3 Kh7 31. Qa5 b6 32. Qc3 h3 33. a5 f6 34. axb6 axb6 35. Qb4 Rg7 36. g3 0-1

[Event "CZE-ch U14"]
[Site "Teplice"]
[Date "2023.03.13"]
[Round "4"]
[White "Veverka, Vladimir"]
[Black "Ocelak, David"]
[Result "0-1"]
[WhiteElo "1735"]
[BlackElo "1608"]
[PlyCount "52"]
[EventDate "2023.03.11"]
[EventType "swiss"]
[EventRounds "9"]
[EventCountry "CZE"]
[SourceTitle "CBM 213 Extra"]
[Source "ChessBase"]
[SourceDate "2023.05.31"]
[SourceVersion "1"]
[SourceVersionDate "2023.05.31"]
[SourceQuality "1"]

1. f4 d5 2. e3 c5 3. Nf3 Nf6 4. Be2 Nc6 5. 0-0 e6 6. b3 Be7 7. Bb2 0-0 8. h3 b6 9. d3 d4 10. e4 Bb7 11. Nbd2 b5 12. Qe1 Qc7 13. Nh2 Nd7 14. g4 Nb4 15. Bd1 f5 16. exf5 e5 17. fxe5 Bg5 18. Nhf3 Be3+ 19. Kh1 Nxe5 20. Qe2 Nxf3 21. Nxf3 Rae8 22. c3 Nxd3 23. Qxd3 Qg3 24. Qc2 Qxh3+ 25. Qh2 Qxf1+ 26. Qg1 Qxg1# 0-1

[Event "CZE-ch U14"]
[Site "Luhacovice"]
[Date "2022.03.15"]
[Round "5"]
[White "Tesar, Jakub"]
[Black "Veverka, Vladimir"]
[Result "1-0"]
[WhiteElo "1660"]
[BlackElo "1723"]
[PlyCount "61"]
[EventDate "2022.03.12"]
[EventType "swiss"]
[EventRounds "9"]
[EventCountry "CZE"]
[SourceTitle "EXT 2023"]
[Source "ChessBase"]
[SourceDate "2022.10.05"]
[SourceVersion "1"]
[SourceVersionDate "2022.10.05"]
[SourceQuality "1"]

1. e4 e6 2. d4 d5 3. Nd2 Nf6 4. e5 Nfd7 5. Bd3 c5 6. c3 Nc6 7. Ne2 cxd4 8. cxd4 f6 9. exf6 Nxf6 10. Nf3 Bd6 11. 0-0 Qc7 12. Bg5 0-0 13. Bh4 Bd7 14. Bg3 Be8 15. Ng5 Bf7 16. Qc2 h6 17. Nxf7 Rxf7 18. Bg6 Rff8 19. Rfe1 Bxg3 20. fxg3 Qd6 21. Rad1 Ne8 22. Nf4 Rf6 23. Qe2 Nc7 24. Bb1 Re8 25. Nh5 Rff8 26. Qd3 Rf5 27. g4 Nb4 28. Qe2 Rff8 29. a3 Nc6 30. Qc2 Ra8 31. Rf1 1-0

[Event "Prague Autumn op 1st"]
[Site "Prague"]
[Date "2021.09.25"]
[Round "3"]
[White "Yin, Stanley"]
[Black "Veverka, Vladimir"]
[Result "1/2-1/2"]
[WhiteElo "1987"]
[BlackElo "1773"]
[PlyCount "77"]
[EventDate "2021.09.24"]
[EventType "swiss"]
[EventRounds "5"]
[EventCountry "CZE"]
[SourceTitle "CBM 204 Extra"]
[Source "ChessBase"]
[SourceDate "2021.11.30"]
[SourceVersion "1"]
[SourceVersionDate "2021.11.30"]
[SourceQuality "1"]

1. c4 e5 2. Nc3 Bc5 3. g3 d6 4. Bg2 Nc6 5. e3 Bd7 6. Nge2 Nf6 7. d4 exd4 8. exd4 Bb6 9. 0-0 0-0 10. h3 h6 11. Be3 Re8 12. a3 a5 13. Qd3 Rb8 14. f4 Ne7 15. g4 Bc6 16. b4 Bxg2 17. Kxg2 axb4 18. axb4 Nc6 19. Rfb1 Ra8 20. Rxa8 Qxa8 21. c5 dxc5 22. dxc5 Ba7 23. g5 hxg5 24. fxg5 Nh5 25. g6 fxg6 26. Bf4 Nxf4+ 27. Nxf4 b6 28. Qd5+ Kh7 29. h4 bxc5 30. h5 g5 31. Ne6 Nxb4 32. Qxa8 Rxa8 33. Ra1 Nc6 34. Ra6 Nb4 35. Nxg5+ Kg8 36. Ra4 Nc6 37. Ra6 Nb4 38. Ra3 Nc6 39. Nb5 1/2-1/2

[Event "EU-ch Amateur Online Final 1400/1700"]
[Site "Tornelo INT"]
[Date "2021.04.18"]
[Round "1"]
[White "Athanasiou, Soumela"]
[Black "Veverka, Vladimir"]
[Result "1/2-1/2"]
[WhiteElo "1340"]
[BlackElo "1620"]
[PlyCount "66"]
[EventDate "2021.04.18"]
[EventType "swiss (rapid)"]
[EventRounds "9"]
[EventCountry "NET"]
[SourceTitle "EXT 2023"]
[Source "ChessBase"]
[SourceDate "2022.10.05"]
[SourceVersion "1"]
[SourceVersionDate "2022.10.05"]
[SourceQuality "1"]

1. c4 e6 2. Nc3 d5 3. d4 Nf6 4. Nf3 Bd6 5. Bg5 c6 6. e3 0-0 7. Bd3 Nbd7 8. 0-0 b6 9. a3 Bb7 10. cxd5 exd5 11. Qc2 h6 12. Bh4 Rc8 13. Bf5 Rc7 14. e4 dxe4 15. Nxe4 Be7 16. Bg3 Rc8 17. Nd6 Bxd6 18. Bxd6 Re8 19. Rfe1 c5 20. Ne5 cxd4 21. Qa4 Nc5 22. Bxc5 Rxc5 23. Nd3 Rxe1+ 24. Rxe1 Rxf5 25. Qxa7 Qd5 26. Qb8+ Kh7 27. f3 Rg5 28. Rf1 Ng4 29. Nb4 Qc5 30. Nd3 Qc6 31. Nb4 Qc5 32. Nd3 Qd5 33. Nb4 Qc5 1/2-1/2

[Event "Pardubice Czech op-B"]
[Site "Pardubice"]
[Date "2020.09.22"]
[Round "2"]
[White "Zigmund, David"]
[Black "Veverka, Vladimir"]
[Result "1-0"]
[WhiteElo "1870"]
[BlackElo "1670"]
[PlyCount "71"]
[EventDate "2020.09.21"]
[EventType "swiss"]
[EventRounds "9"]
[EventCountry "CZE"]
[SourceTitle "CBM 198 Extra"]
[Source "ChessBase"]
[SourceDate "2020.11.30"]
[SourceVersion "1"]
[SourceVersionDate "2020.11.30"]
[SourceQuality "1"]

1. d4 Nf6 2. Nf3 d5 3. Bg5 c6 4. e3 Bg4 5. Be2 Qb6 6. Qc1 Nbd7 7. Nbd2 e6 8. 0-0 c5 9. c4 Bd6 10. cxd5 exd5 11. dxc5 Bxc5 12. Nb3 Bd6 13. h3 Bh5 14. Nbd4 0-0 15. Bxf6 Nxf6 16. b3 Rac8 17. Qb2 a6 18. Rac1 Kh8 19. Nf5 Bg6 20. Nxd6 Qxd6 21. Rfd1 Qe6 22. Qe5 Qxe5 23. Nxe5 Rfe8 24. Nxg6+ hxg6 25. Bf3 b5 26. Kf1 Red8 27. Ke1 Kg8 28. Rxc8 Rxc8 29. Bxd5 Nxd5 30. Rxd5 Rc2 31. Rd8+ Kh7 32. Rd2 Rc1+ 33. Ke2 Rc6 34. e4 f6 35. f4 Kg8 36. Ke3 1-0

[Event "Ceske Budejovice op-B"]
[Site "Ceske Budejovice"]
[Date "2020.07.03"]
[Round "3"]
[White "Veverka, Vladimir"]
[Black "Straka, Zdenek"]
[Result "1/2-1/2"]
[WhiteElo "1644"]
[BlackElo "1812"]
[PlyCount "85"]
[EventDate "2020.07.01"]
[EventType "swiss"]
[EventRounds "9"]
[EventCountry "CZE"]
[SourceTitle "CBM 197 Extra"]
[Source "ChessBase"]
[SourceDate "2020.09.30"]
[SourceVersion "1"]
[SourceVersionDate "2020.09.30"]
[SourceQuality "1"]

1. d4 e6 2. c4 Bb4+ 3. Nc3 c5 4. e3 Nf6 5. Nf3 0-0 6. Be2 d5 7. dxc5 dxc4 8. Qxd8 Rxd8 9. 0-0 Bxc5 10. Bxc4 Nc6 11. b3 b6 12. Bb2 Bb7 13. Rfd1 Rac8 14. Ne2 Ne4 15. Ned4 Nxd4 16. Nxd4 Bd5 17. Bxd5 Rxd5 18. Ne2 Rcd8 19. Rxd5 Rxd5 20. Nc3 Nxc3 21. Bxc3 Rd3 22. Be1 Kf8 23. Kf1 Ke7 24. Ke2 Rd7 25. Rd1 Rxd1 26. Kxd1 a6 27. Bc3 g6 28. Kd2 b5 29. Kd3 Kd6 30. Bd4 Bxd4 31. Kxd4 e5+ 32. Kd3 f5 33. a3 Kd5 34. f3 e4+ 35. fxe4+ fxe4+ 36. Kc3 a5 37. a4 b4+ 38. Kd2 Ke5 39. Ke2 Kf5 40. h3 h5 41. g3 g5 42. Kf2 g4 43. h4 1/2-1/2

[Event "CZE-ch U12"]
[Site "Kouty nad Desnou"]
[Date "2020.03.12"]
[Round "7"]
[White "Veverka, Vladimir"]
[Black "Hobza, Richard"]
[Result "1-0"]
[WhiteElo "1656"]
[BlackElo "1251"]
[PlyCount "137"]
[EventDate "2020.03.07"]
[EventType "swiss"]
[EventRounds "7"]
[EventCountry "CZE"]
[SourceTitle "CBM 195 Extra"]
[Source "ChessBase"]
[SourceDate "2020.05.31"]
[SourceVersion "1"]
[SourceVersionDate "2020.05.31"]
[SourceQuality "1"]

1. d4 d5 2. c4 dxc4 3. e3 e5 4. Nf3 exd4 5. Bxc4 Nc6 6. exd4 Bb4+ 7. Nc3 Nf6 8. 0-0 0-0 9. Qb3 Bxc3 10. Qxc3 Bf5 11. Bg5 Qd6 12. Bh4 h6 13. Bg3 Qd7 14. Bb5 Ne4 15. Qc4 Nxg3 16. hxg3 Be6 17. Qc5 Qd5 18. Rfc1 Rfd8 19. Bxc6 Qxc6 20. Qxc6 bxc6 21. Rxc6 Bd5 22. Rxc7 Bxf3 23. gxf3 Rxd4 24. Rac1 Rd2 25. R1c2 Rad8 26. Rc8 Rxc2 27. Rxc2 Kf8 28. b4 Rb8 29. Rb2 Ke7 30. Kf1 Kd6 31. Ke2 Kc6 32. a4 a6 33. Ke3 Rd8 34. Rc2+ Kb6 35. Rd2 Re8+ 36. Kd3 Rd8+ 37. Kc3 Rc8+ 38. Kb3 Rc7 39. Rd6+ Kb7 40. Rd8 Re7 41. Rd2 Kb6 42. Kc3 f6 43. Kd3 Kc6 44. Re2 Rd7+ 45. Ke3 Re7+ 46. Kd2 Rd7+ 47. Kc2 Kb7 48. Re3 Kc7 49. Rc3+ Kb7 50. Rd3 Rc7+ 51. Kd2 Re7 52. Re3 Rd7+ 53. Ke2 a5 54. b5 Rc7 55. Re4 Rd7 56. Ke3 Kb6 57. Rc4 Kb7 58. Rc6 Rd8 59. Ra6 Rd7 60. Rxa5 Kb6 61. Ra8 Kc5 62. Re8 Ra7 63. Re4 Kb6 64. Kf4 Kc5 65. Kf5 Kd5 66. Kg6 Kd6 67. Rg4 Ke6 68. b6 Rb7 69. Rb4 1-0

[Event "CZE-ch U12"]
[Site "Kouty nad Desnou"]
[Date "2020.03.09"]
[Round "4"]
[White "Veverka, Vladimir"]
[Black "Hladky, Tadeas"]
[Result "1/2-1/2"]
[WhiteElo "1656"]
[BlackElo "1773"]
[PlyCount "106"]
[EventDate "2020.03.07"]
[EventType "swiss"]
[EventRounds "7"]
[EventCountry "CZE"]
[SourceTitle "CBM 195 Extra"]
[Source "ChessBase"]
[SourceDate "2020.05.31"]
[SourceVersion "1"]
[SourceVersionDate "2020.05.31"]
[SourceQuality "1"]

1. e4 Nf6 2. Nc3 d5 3. exd5 Nxd5 4. Nxd5 Qxd5 5. d4 Bf5 6. c3 e6 7. Nf3 Be7 8. Bd3 Bxd3 9. Qxd3 0-0 10. 0-0 Na6 11. Be3 c5 12. Rfd1 c4 13. Qe2 Nc7 14. h3 b5 15. Bf4 Rfc8 16. a3 Ne8 17. Qe5 Nf6 18. Bg5 Bd6 19. Qxd5 Nxd5 20. Ne1 a5 21. Bd2 Kf8 22. Nc2 Ke7 23. g3 Rcb8 24. Ne3 Nxe3 25. Bxe3 b4 26. axb4 axb4 27. Bg5+ f6 28. Bd2 b3 29. Kf1 Ra2 30. Ke2 Rxb2 31. Ra7+ Kf8 32. Ra6 Be7 33. Rxe6 Ra2 34. Rb1 Ba3 35. Kd1 Re8 36. Rc6 b2 37. Be3 f5 38. Rxc4 Ra1 39. Kc2 g5 40. Rc6 Kf7 41. Rc7+ Kg8 42. d5 f4 43. gxf4 Rxb1 44. Kxb1 gxf4 45. Bd2 Re2 46. Rc8+ Kf7 47. Rc7+ Kf6 48. Rc6+ Kf7 49. Rc7+ Ke8 50. Rc8+ Kd7 51. Ra8 Rxd2 52. Rxa3 Kd6 53. c4 Rxf2 1/2-1/2

[Event "Karlovy Vary CupT U16"]
[Site "Karlovy Vary"]
[Date "2020.01.23"]
[Round "3.3"]
[White "Lhotska, Anna"]
[Black "Veverka, Vladimir"]
[Result "1-0"]
[WhiteElo "1790"]
[BlackElo "1698"]
[PlyCount "101"]
[EventDate "2020.01.22"]
[EventType "team-swiss"]
[EventRounds "4"]
[EventCountry "CZE"]
[SourceTitle "CBM 194 Extra"]
[Source "ChessBase"]
[SourceDate "2020.03.31"]
[SourceVersion "1"]
[SourceVersionDate "2020.03.31"]
[SourceQuality "1"]
[WhiteTeam "Stredocesky kraj"]
[BlackTeam "Ustecky kraj"]
[WhiteTeamCountry "CZE"]
[BlackTeamCountry "CZE"]

1. e4 e6 2. d4 d5 3. e5 c5 4. c3 Nc6 5. Nf3 Qb6 6. a3 a5 7. a4 Bd7 8. Na3 cxd4 9. cxd4 Bb4+ 10. Bd2 Nxd4 11. Bc3 Bxc3+ 12. bxc3 Nxf3+ 13. gxf3 Qb2 14. Nb5 Bxb5 15. Bxb5+ Kf8 16. Rc1 Ne7 17. 0-0 g6 18. Rc2 Qa3 19. Qd4 Nf5 20. Qb6 Qe7 21. Kh1 Kg7 22. c4 Rhc8 23. Rfc1 dxc4 24. Rxc4 Rxc4 25. Rxc4 Qd8 26. Qxb7 Qd1+ 27. Kg2 Qd8 28. Rc7 Qf8 29. Rxf7+ Qxf7 30. Qxa8 Qe7 31. Kg1 Qc7 32. Qe4 Qe7 33. Qg4 Qc5 34. Qf4 Qe7 35. Bd3 Qf7 36. Bxf5 exf5 37. Qd4 Qc7 38. e6+ Kf8 39. Qh8+ Ke7 40. Qxh7+ Kd6 41. Qxg6 Qc4 42. Qxf5 Qxa4 43. Kg2 Qc4 44. Qxa5 Kxe6 45. Qb6+ Kf7 46. Qb7+ Kf6 47. Qe4 Qg8+ 48. Qg4 Qa2 49. Kg3 Qa5 50. h4 Qe5+ 51. Qf4+ 1-0

[Event "EU Union-ch U10"]
[Site "Kouty nad Desnou"]
[Date "2019.08.21"]
[Round "6"]
[White "Haasova, Timea"]
[Black "Veverka, Vladimir"]
[Result "1/2-1/2"]
[WhiteElo "1287"]
[BlackElo "1693"]
[PlyCount "142"]
[EventDate "2019.08.16"]
[EventType "swiss"]
[EventRounds "9"]
[EventCountry "CZE"]
[SourceTitle "EXT 2020"]
[Source "ChessBase"]
[SourceDate "2019.10.17"]
[SourceVersion "1"]
[SourceVersionDate "2019.10.17"]
[SourceQuality "1"]

1. e4 c6 2. d4 d5 3. exd5 cxd5 4. Nf3 Nf6 5. Bf4 Nc6 6. c3 Bg4 7. h3 Bh5 8. Bd3 e6 9. Nbd2 Bd6 10. Bxd6 Qxd6 11. Qc2 Bg6 12. Nb3 b6 13. 0-0 0-0 14. Bxg6 hxg6 15. Qd2 Ne4 16. Qe3 Qe7 17. Nbd2 Nd6 18. Rae1 Nf5 19. Qd3 Qc7 20. Ne5 a6 21. Ndf3 b5 22. Nxc6 Qxc6 23. Ne5 Qc7 24. Rc1 Nd6 25. b3 a5 26. Qg3 Ne4 27. Qd3 Nd6 28. Qg3 Rfc8 29. f3 Nf5 30. Qf4 Nd6 31. Rc2 Qe7 32. Nd3 Nb7 33. Rfc1 Qf6 34. Qxf6 gxf6 35. c4 Nd6 36. cxd5 Rxc2 37. Rxc2 Nf5 38. dxe6 fxe6 39. d5 Rd8 40. Rc5 Rxd5 41. Rxd5 exd5 42. Nf4 Ne7 43. h4 Kf7 44. Kf2 f5 45. Ke3 Kg7 46. Kd4 Nc6+ 47. Kxd5 Nb4+ 48. Kc5 Nxa2 49. Kxb5 Nc1 50. Kxa5 Nxb3+ 51. Kb4 Nd2 52. Kc3 Nf1 53. Kd3 Kf6 54. Ke2 Ng3+ 55. Kf2 Nh5 56. Ke3 Ng7 57. Nh3 Ne6 58. g4 fxg4 59. fxg4 Ng7 60. Kf4 Ne6+ 61. Ke4 Ng7 62. Nf4 Ne6 63. Nd5+ Kf7 64. Ke5 Nc5 65. Nf4 Nd7+ 66. Kd6 Nf6 67. g5 Ne4+ 68. Ke5 Nd2 69. h5 Nf3+ 70. Kd5 gxh5 71. Nxh5 Nxg5 1/2-1/2

[Event "EU Union-ch U10"]
[Site "Kouty nad Desnou"]
[Date "2019.08.19"]
[Round "4"]
[White "Veverka, Vladimir"]
[Black "Novomeska, Karin"]
[Result "1-0"]
[WhiteElo "1693"]
[BlackElo "1269"]
[PlyCount "127"]
[EventDate "2019.08.16"]
[EventType "swiss"]
[EventRounds "9"]
[EventCountry "CZE"]
[SourceTitle "EXT 2020"]
[Source "ChessBase"]
[SourceDate "2019.10.17"]
[SourceVersion "1"]
[SourceVersionDate "2019.10.17"]
[SourceQuality "1"]

1. d4 e6 2. c4 d5 3. Nc3 c6 4. Nf3 f5 5. Bf4 Nf6 6. e3 Be7 7. Be2 0-0 8. 0-0 Nbd7 9. Qc2 Ne4 10. cxd5 cxd5 11. Nb5 Qb6 12. Qb3 Rf6 13. Nc7 Qxb3 14. axb3 Nb6 15. Nxa8 Nxa8 16. Rxa7 Nb6 17. Bd3 h6 18. Bxe4 dxe4 19. Ne5 Kh7 20. h3 Nd5 21. Bh2 Bd6 22. Nc4 Be7 23. Rc1 Bd7 24. Rxb7 Bc6 25. Ra7 Bb5 26. Be5 Rf8 27. Bd6 Bxd6 28. Nxd6 Bd3 29. Rca1 Rd8 30. Nf7 Rc8 31. Rb7 Rc6 32. Ne5 Rc8 33. Nxd3 exd3 34. Rd1 d2 35. Rxd2 Rc1+ 36. Kh2 Kg6 37. b4 Rc4 38. b3 Rc3 39. Ra2 Rxb3 40. b5 Nc3 41. Raa7 Kh5 42. Rxg7 Rxb5 43. Ra6 Ne4 44. Rxe6 Ng5 45. g4+ fxg4 46. hxg4+ Kxg4 47. Rxh6 Kf5 48. Rh5 Kf6 49. Rgxg5 Rxg5 50. Rxg5 Kxg5 51. Kg3 Kf5 52. Kf3 Ke6 53. e4 Kd6 54. Ke3 Ke6 55. f4 Kf6 56. d5 Ke7 57. e5 Kd7 58. f5 Kd8 59. Ke4 Ke8 60. e6 Ke7 61. Ke5 Ke8 62. d6 Kf8 63. f6 Ke8 64. Kd5 1-0

[Event "EU Union-ch U10"]
[Site "Kouty nad Desnou"]
[Date "2019.08.18"]
[Round "3"]
[White "Barteckova, Valerie"]
[Black "Veverka, Vladimir"]
[Result "0-1"]
[WhiteElo "1128"]
[BlackElo "1693"]
[PlyCount "112"]
[EventDate "2019.08.16"]
[EventType "swiss"]
[EventRounds "9"]
[EventCountry "CZE"]
[SourceTitle "EXT 2020"]
[Source "ChessBase"]
[SourceDate "2019.10.17"]
[SourceVersion "1"]
[SourceVersionDate "2019.10.17"]
[SourceQuality "1"]

1. e4 e6 2. Nc3 d5 3. exd5 exd5 4. d4 Nf6 5. Nf3 Bd6 6. Bg5 c6 7. h3 Bf5 8. Bd3 Bg6 9. 0-0 0-0 10. Ne5 Re8 11. Re1 Nbd7 12. Bxg6 hxg6 13. f4 Qc7 14. Qd3 Nh7 15. Bh4 g5 16. Bxg5 Nxg5 17. Nxd7 Qxd7 18. fxg5 Bf4 19. h4 Qg4 20. Qh3 Qxh3 21. gxh3 Be3+ 22. Kh1 Bxd4 23. Red1 Bxc3 24. bxc3 Re2 25. Rab1 b6 26. Rb2 Rae8 27. h5 R8e3 28. g6 Rxh3+ 29. Kg1 Rxh5 30. gxf7+ Kxf7 31. Rf1+ Kg8 32. Rf2 Rh1+ 33. Kg2 Rh2+ 34. Kxh2 Rxf2+ 35. Kh3 Rf3+ 36. Kh2 Rxc3 37. Kg2 d4 38. Kf2 g5 39. Kg2 Kf7 40. Kf2 g4 41. Kg2 Kf6 42. Kf2 Kg5 43. Kg2 Kh4 44. Kh2 g3+ 45. Kg2 Kg4 46. Rb4 Rxc2+ 47. Kg1 c5 48. Ra4 a5 49. Ra3 Rc3 50. Ra4 Kh3 51. Kf1 g2+ 52. Kf2 Kh2 53. Ke1 g1Q+ 54. Kd2 Qf2+ 55. Kd1 Rc2 56. a3 Qd2# 0-1